000
00304nam a22001337a 4500
008
170728b xxu||||| |||| 00| 0 eng d
020
_a
3446173994
041
_a
ger
080
_a
004
100
_a
31
101
_a
SHK
245
_a
OBJEKTORIENTIERTES PROGRAMMIEREN MIT C++
_c
JELL,TH
942
_2
udc
_c
BK
999
_c
22083
_d
22083